• 首页
  • 本馆介绍
  • 公告通知
  • 最新文献
  • 馆藏检索
  • 电子资源
  • 读者导购
  • 参考咨询
  • 我的图书馆
  • 登录
  • 详细信息显示
  • 放入我的书架
  • 预约/预借图书
  • 作者相关作品
  • 分类相关作品
  • 丛书相关作品
  • 出版社相关作品

书目信息

  • 表格格式
  • 工作单格式
  • 卡片格式
题名:
材料强度的秘密
    
 
作者: 钟群鹏 , 钱友荣 译
分册:  
出版信息: 北京   科学普及出版社  1982
页数: 141页
开本: 19cm
丛书名:
单 册:
中图分类: TB301
科图分类:
主题词: 强度理论--工程材料 , 工程材料 , 工程材料--强度理论
电子资源:
ISBN:
000 00738nam0 2200277 45 960
001 0631683393
002 0195050146
005 20060928105501.87
010    @dCNY0.46
091    @a15051.1016
100    @a19950606d1982 k y0chiy0121 ea
101 0  @achi
102    @aCN@b110000
105    @ay z 000yy
106    @ar
200 10 @a材料强度的秘密@f钱友荣,钟群鹏著@Acai liao qiang du de mi mi
210    @a北京@c科学普及出版社@d1982
215    @a141页@d19cm
606    @a强度理论--工程材料
606 0  @a工程材料
606    @a工程材料--强度理论
690    @aTB301@v3
701  0 @a钟群鹏@4译@Azhong qun peng
701  0 @a钱友荣@4著@Aqian you rong
801  0 @aCN@b上海图书馆 @c20060928
905    @a10447@dTB301@e117
    
    材料强度的秘密/钱友荣,钟群鹏著.-北京:科学普及出版社,1982
    141页;19cm
    
    
    ISBN :CNY0.46
    
●
相关链接 在E读中查询图书 在五车中查询图书 在当当中查询图书 在豆瓣中查询图书


正题名:材料强度的秘密     索取号:TB301/117         预约/预借

序号 登录号 条形码 馆藏地/架位号 状态 备注
1 0422799   204227997   密集书库/ [索取号:TB301/117] 在馆    
2 0439070   204390701   密集书库/ [索取号:TB301/117] 在馆    
唐山师范学院图书馆 欢迎您!
大连网信软件有限公司© 版权所有